| 000 | 00951naa a2200253 4500 | ||
|---|---|---|---|
| 005 | 20110810145620.0 | ||
| 008 | 110810t xxu||||| |||| 00| 0 eng d | ||
| 010 | _aENG-103365 | ||
| 020 |
_c595.00 _a8183243541 |
||
| 035 | _aEN-86898 | ||
| 037 | _bDBAD/PUB | ||
| 040 |
_aDPL _bEng |
||
| 082 | _a361.763 | ||
| 100 |
_932587 _aPanwar, Manju |
||
| 245 | 1 |
_aSocial action : _cby Manju Panwar _bexperiences of young activist / |
|
| 260 |
_aNew Delhi _bMittal Publications _c2011 |
||
| 270 |
_a4594/9, Darya Ganj _bNew Delhi _e110002 _k011-23250398 |
||
| 300 |
_axvii,201p. _c22cm (Hb) |
||
| 500 | _aIncludes index | ||
| 700 | _933086 | ||
| 942 |
_adpl _cEN _2ddc _mPAN _h361.763 |
||
| 999 |
_c55726 _d55726 |
||